000
00335nam a22001457a 4500
008
221012b ||||| |||| 00| 0 eng d
020
_a
9780471052203
041
_a
eng
080
_2
THIRD EDITION
_a
159.9
082
_a
159.9
100
_a
24.1
101
_a
PSI
245
_a
PSYCHOLOGICAL ASSESSMENT
_c
MARNAT G
942
_2
udc
_c
BK
999
_c
58510
_d
58510